[Event "CAN-ch op 49th"]
[Site "Victoria"]
[Date "2012.07.13"]
[Round "9"]
[White "Itkin, Victor"]
[Black "Sullivan, Brian"]
[Result "1-0"]
[WhiteElo "1729"]
[BlackElo "1668"]
[PlyCount "33"]
[EventDate "2012.07.08"]
[EventType "swiss"]
[EventRounds "9"]
[EventCountry "CAN"]
[SourceTitle "EXT 2022"]
[Source "ChessBase"]
[SourceDate "2021.10.06"]
[SourceVersion "1"]
[SourceVersionDate "2021.10.06"]
[SourceQuality "1"]

1. e4 e5 2. d4 exd4 3. Qxd4 Nc6 4. Qe3 b6 5. Nc3 Nge7 6. Bd2 Ng6 7. 0-0-0 a5 8. f4 Bc5 9. Qg3 0-0 10. h4 Bxg1 11. h5 Bf2 12. Qxf2 Nge7 13. Bc4 Ba6 14. f5 Ne5 15. f6 N7c6 16. Nd5 Ng4 17. Qe2 1-0